| 000 | 00560nam a2200205 i 4500 | ||
|---|---|---|---|
| 001 | 23075 | ||
| 003 | ES-MaACL | ||
| 005 | 20250814011829.0 | ||
| 007 | t| | ||
| 008 | 021209m19591960sp ||||1| spa d | ||
| 100 | 1 |
_aAlvarado, Salustio. _920597 |
|
| 245 | 1 | 0 |
_aBiología general / _cSalustio Alvarado. |
| 250 | _a6ª ed. abrev. | ||
| 260 |
_aMadrid : _bAGESA, _c1959-60. |
||
| 300 |
_a2 v. : _bil. ; _c25 cm. |
||
| 500 | _aSon los tomos 1, 2. | ||
| 650 | 0 | 7 |
_aBiología _2embne _910580 |
| 852 |
_aES-MaACL _jE-3969-70 _bR.49017 |
||
| 999 |
_c23075 _d23075 |
||